Amelia bedelia's masterpiece / (Record no. 5159)

MARC details
000 -LEADER
fixed length control field 00931nam a22003017a 4500
001 - CONTROL NUMBER
control field 5159
003 - CONTROL NUMBER IDENTIFIER
control field FISKH
005 - DATE AND TIME OF LATEST TRANSACTION
control field 20241108095226.0
008 - FIXED-LENGTH DATA ELEMENTS--GENERAL INFORMATION
fixed length control field 241108b cb ||||| |||| 00| 0 eng d
020 ## - INTERNATIONAL STANDARD BOOK NUMBER
International Standard Book Number 9780545111348
040 ## - CATALOGING SOURCE
Original cataloging agency FISKH
Language of cataloging eng
Transcribing agency FISKH
Modifying agency FISKH
050 ## - LIBRARY OF CONGRESS CALL NUMBER
Classification number PZ7.P2185
082 ## - DEWEY DECIMAL CLASSIFICATION NUMBER
Classification number 563
100 ## - MAIN ENTRY--PERSONAL NAME
Personal name Parish, Herman
Dates associated with a name (1953–2024)
245 ## - TITLE STATEMENT
Title Amelia bedelia's masterpiece /
Statement of responsibility, etc. story by Herman Parish pictures by Lynn Sweat
250 ## - EDITION STATEMENT
Edition statement First printing in 2008
260 ## - PUBLICATION, DISTRIBUTION, ETC.
Place of publication, distribution, etc. New York :
Name of publisher, distributor, etc. Scholastic,
Date of publication, distribution, etc. 2008.
300 ## - PHYSICAL DESCRIPTION
Extent 64 pages :
Other physical details Color illustrations ;
Dimensions 23 cm
505 ## - FORMATTED CONTENTS NOTE
Formatted contents note G<br/>
520 ## - SUMMARY, ETC.
Summary, etc. Housekeeper Amelia Bedelia visits an art museum, where her confusion leads to surprising results.
521 8# - TARGET AUDIENCE NOTE
Target audience note 340L<br/>
Source Lexile<br/>
521 8# - TARGET AUDIENCE NOTE
Target audience note G<br/>
Source Raz-Plus<br/>
650 ## - SUBJECT ADDED ENTRY--TOPICAL TERM
Source of heading or term Fiction
Topical term or geographic name entry element Homophones
650 ## - SUBJECT ADDED ENTRY--TOPICAL TERM
Source of heading or term Humor
Topical term or geographic name entry element Early reader
700 ## - ADDED ENTRY--PERSONAL NAME
Personal name Sweat, Lynn
Dates associated with a name Illustrator
942 ## - ADDED ENTRY ELEMENTS (KOHA)
Source of classification or shelving scheme Dewey Decimal Classification
Koha item type Books
Suppress in OPAC No
Holdings
Withdrawn status Lost status Source of classification or shelving scheme Damaged status Not for loan Collection Home library Current library Shelving location Date acquired Total Checkouts Full call number Barcode Date last seen Copy number Price effective from Koha item type
    Dewey Decimal Classification     Fiction Footprints International School Library Network Toul Kork Campus Footprints International School Library Network Toul Kork Campus TK Primary Library Room(4th Floor), Bookcase 7, Shelves 57-60, Dark Green Books 11/08/2024   PAR 563 PZ7.P2185 2024-2304 11/08/2024 1 11/08/2024 Books